000 00575nam a2200097Ia 4500
008 160725s9999 xx 000 0 und d
100 _aAguilar, Jerry A., Dela Rosa, Carlos, Infante, Philippe Lauren M., Melitante, George L., Reyes, Jose V., Ruiz, Lynore S., & Torres, Lucas, Jr.
245 _aTraining and development of rank and file employees of the Philippine National Bank (PNB) asset management group: basis for a strategic employee development plan.
260 _bKaizen Research Journal College of Information Technology
_cJanuary 2014
650 _aINFORMATION TECHNOLOGY
999 _c298010
_d298010